|
|
|
|
| LEADER |
01955nam a2200505 a 4500 |
| 001 |
000708773 |
| 003 |
CZ BrMZK |
| 005 |
20190411115922.0 |
| 007 |
ta |
| 008 |
040317s2003 xr a e c 000 0deng d |
| 015 |
|
|
|a cnb001316804
|
| 020 |
|
|
|a 80-86010-71-6
|q (brož.)
|
| 035 |
|
|
|a (OCoLC)56029611
|
| 040 |
|
|
|a BOA001
|b cze
|
| 041 |
1 |
|
|a eng
|h cze
|
| 043 |
|
|
|a e-xr---
|
| 045 |
|
|
|a x-x-
|
| 072 |
|
7 |
|a 681
|x Přesná mechanika a přístroje. Hudební nástroje
|2 Konspekt
|9 19
|
| 080 |
|
|
|a 681.85
|2 MRF
|
| 080 |
|
|
|a 681.84
|2 MRF
|
| 080 |
|
|
|a 78.05
|2 MRF
|
| 080 |
|
|
|a 72/76(437.3)
|2 MRF
|
| 080 |
|
|
|a 78
|2 MRF
|
| 080 |
|
|
|a 7.04
|2 MRF
|
| 080 |
|
|
|a (437.3)
|2 MRF
|
| 080 |
|
|
|a (083.824)
|2 MRF
|
| 245 |
0 |
0 |
|a When the comet hits us :
|b from the history of talking machines : [the exhibition Hall Mánes, Prague, 7th november 2003 - 31st january 2004 : katalog výstavy /
|c texts Marie Bergmanová ... et al.]
|
| 260 |
|
|
|a Praha :
|b Gallery,
|c 2003
|
| 300 |
|
|
|a 91 s. :
|b il. (převážně barev.) ;
|c 23 cm
|
| 500 |
|
|
|a Překlad z češtiny
|
| 500 |
|
|
|a Dostupné též v digitální podobě v aplikaci Kramerius
|
| 648 |
|
7 |
|a 20. století
|7 ch460558
|
| 650 |
0 |
7 |
|a zvukové záznamy
|x dějiny
|7 ph135478
|2 czenas
|
| 650 |
0 |
7 |
|a audiotechnika
|x dějiny
|7 ph118666
|2 czenas
|
| 650 |
0 |
7 |
|a hudební průmysl
|z Česko
|7 ph202170
|2 czenas
|
| 650 |
0 |
7 |
|a hudební průmysl
|x dějiny
|7 ph202170
|2 czenas
|
| 650 |
0 |
7 |
|a české výtvarné umění
|y 20. stol.
|7 ph116865
|2 czenas
|
| 650 |
0 |
7 |
|a hudba
|7 ph114719
|2 czenas
|
| 650 |
0 |
7 |
|a umělecké náměty
|7 ph138227
|2 czenas
|
| 655 |
|
7 |
|a katalogy výstav
|7 fd132536
|2 czenas
|
| 700 |
1 |
|
|a Bergmanová, Marie
|7 jn20010309473
|4 aut
|
| 856 |
4 |
1 |
|u https://www.digitalniknihovna.cz/mzk/uuid/uuid:2a8af980-11e6-11e6-a7f7-005056827e51
|y Digitalizovaný dokument
|x NDK
|
| 910 |
|
|
|a BOA001
|b 2-1130.982
|
| 990 |
|
|
|a BK
|
| 996 |
6 |
|
|b 2610215969
|c 2-1130.982
|l MZK
|r Sklad / do 1 hodiny
|n 1
|p p.v.
|w 000708773
|u 000010
|a 1
|e BOA001
|j MZK50
|s P
|